Podstata medzinárodnej ekonomickej integrácie Ukrajiny

Zapojenie Ukrajiny ako subjektu svetového hospodárstva je jej zapojenie do všetkých procesov, ktoré sa vo svetovom hospodárstve uskutočňujú, na základe rovnoprávneho členstva. Dôležitá otázka otvorenosti ekonomiky krajiny a jej zapojenie do medzinárodnej ekonomickej integrácie. Snaha Ukrajiny o preh...

Ausführliche Beschreibung

Gespeichert in:
Bibliographische Detailangaben
1. Verfasser: Greššová, Mária
Format: Buchkapitel
Sprache:Slowakisch
Schlagworte:
Tags: Tag hinzufügen
Keine Tags, Fügen Sie das erste Tag hinzu!

MARC

LEADER 00000naa$a2200000$$$4500
001 0083239
005 20240502071933.6
041 0 |a slo 
044 |a SK 
245 1 0 |a Podstata medzinárodnej ekonomickej integrácie Ukrajiny  |c Mária Greššová 
520 |a Zapojenie Ukrajiny ako subjektu svetového hospodárstva je jej zapojenie do všetkých procesov, ktoré sa vo svetovom hospodárstve uskutočňujú, na základe rovnoprávneho členstva. Dôležitá otázka otvorenosti ekonomiky krajiny a jej zapojenie do medzinárodnej ekonomickej integrácie. Snaha Ukrajiny o prehĺbenie spolupráce s rôznymi krajinami sveta a integračnými zoskupeniami. 
610 2 0 |a Ukrajina 
610 2 0 |a integrácia 
610 2 0 |a globalizácia 
610 2 0 |a hospodárstvo svetové 
100 1 |a Greššová, Mária